[Event "27. Open Internacional de Andorra"]
[Site "Andorra"]
[Date "2009.07.25"]
[Round "8.17"]
[White "Berkovich, Mark A"]
[Black "Khosla, Shiven"]
[Result "1/2-1/2"]
[WhiteElo "2419"]
[BlackElo "2235"]
[PlyCount "46"]
[EventDate "2009.07.18"]
[EventType "swiss"]
[EventRounds "9"]
[EventCountry "AND"]
[Source "lmi"]
[SourceDate "2009.07.18"]

1. e4 c5 2. Nf3 d6 3. d4 cxd4 4. Nxd4 Nf6 5. Nc3 g6 6. g3 Bg7 7. Bg2 O-O 8. O-O
Nc6 9. Nde2 Bd7 10. h3 h5 11. Be3 Rc8 12. Nd5 Re8 13. c3 Ne5 14. Bd4 Nxd5 15.
exd5 Bf5 16. f4 Nc4 17. b3 Bxd4+ 18. Qxd4 Na3 19. Rad1 Qa5 20. Qf2 Nb5 21. c4
Nc3 22. Nxc3 Qxc3 23. Kh2 b6 1/2-1/2

[Event "27. Open Internacional de Andorra"]
[Site "Andorra"]
[Date "2009.07.25"]
[Round "8.18"]
[White "Monell Camarasa, David"]
[Black "Karavade, Eesha"]
[Result "1/2-1/2"]
[WhiteElo "2230"]
[BlackElo "2386"]
[PlyCount "120"]
[EventDate "2009.07.18"]
[EventType "swiss"]
[EventRounds "9"]
[EventCountry "AND"]
[Source "lmi"]
[SourceDate "2009.07.18"]

1. d4 Nf6 2. Nf3 g6 3. g3 Bg7 4. Bg2 O-O 5. O-O d5 6. Bf4 c5 7. c3 Qb6 8. Qb3
Nc6 9. dxc5 Qxc5 10. Be3 Qd6 11. Rd1 Bf5 12. Na3 a6 13. Bg5 Rfd8 14. Nd4 Bg4
15. f3 Bd7 16. Ndc2 Be6 17. Qb6 Nd7 18. Qf2 h6 19. Bf4 Qc5 20. Be3 Qa5 21. Nd4
Nxd4 22. Bxd4 Bxd4 23. Rxd4 Qb6 24. e3 Ne5 25. Rad1 Nc6 26. R4d2 Rd6 27. b3 Qa5
28. Nb1 Rad8 29. h3 Bf5 30. e4 dxe4 31. Rxd6 Rxd6 32. Rxd6 e3 33. Qxe3 exd6 34.
Nd2 Qxa2 35. g4 Be6 36. Ne4 Kg7 37. b4 Qd5 38. f4 Qd1+ 39. Kh2 Bc4 40. Qd2 Qxd2
41. Nxd2 Bd3 42. Bd5 Kf6 43. Kg3 Ke7 44. Kf3 Nd8 45. Nc4 f5 46. Ne3 b6 47. Bb3
Be4+ 48. Kg3 a5 49. gxf5 gxf5 50. Nc4 axb4 51. cxb4 b5 52. Na3 Bd3 53. Bd5 Kd7
54. Kf3 Nc6 55. Bxc6+ Kxc6 56. Ke3 Bf1 57. h4 Kd5 58. Kf2 Bd3 59. Ke3 Bf1 60.
Kf2 Bd3 1/2-1/2

[Event "27. Open Internacional de Andorra"]
[Site "Andorra"]
[Date "2009.07.25"]
[Round "8.19"]
[White "Van Kampen, Robin Oscar"]
[Black "Trepat Herranz, Joan"]
[Result "1-0"]
[WhiteElo "2383"]
[BlackElo "2269"]
[PlyCount "101"]
[EventDate "2009.07.18"]
[EventType "swiss"]
[EventRounds "9"]
[EventCountry "AND"]
[Source "lmi"]
[SourceDate "2009.07.18"]

1. e4 e5 2. Nf3 Nc6 3. Bb5 Nf6 4. d3 Bc5 5. O-O Nd4 6. Nxd4 Bxd4 7. Nd2 c6 8.
Ba4 d6 9. c3 Bb6 10. Nc4 Bc7 11. Bc2 O-O 12. f4 exf4 13. Bxf4 d5 14. exd5 Bxf4
15. Rxf4 Nxd5 16. Rf2 Qg5 17. d4 Be6 18. Qd3 g6 19. Nd6 Nf4 20. Qg3 Qxg3 21.
hxg3 Nd5 22. Re1 b6 23. Ba4 Rad8 24. Ne4 Rc8 25. Bb3 Nc7 26. Nd6 Rcd8 27. Bxe6
Rxd6 28. Bb3 Ne6 29. Rf6 Kg7 30. Ref1 b5 31. g4 h6 32. R1f2 a6 33. Kf1 Kg8 34.
Ke1 Kg7 35. Kd1 Kg8 36. Kc1 Kg7 37. R2f3 Kg8 38. Kb1 Kg7 39. a3 Kg8 40. Ka2 Kg7
41. a4 b4 42. Bxe6 Rxe6 43. Rxe6 fxe6 44. Rxf8 Kxf8 45. cxb4 Ke7 46. Kb3 Kd6
47. Kc4 h5 48. gxh5 gxh5 49. g3 Kd7 50. Kc5 Kc7 51. b3 1-0

[Event "27. Open Internacional de Andorra"]
[Site "Andorra"]
[Date "2009.07.25"]
[Round "8.20"]
[White "Bok, Benjamin"]
[Black "Meera, Sai"]
[Result "1-0"]
[WhiteElo "2360"]
[BlackElo "2148"]
[PlyCount "93"]
[EventDate "2009.07.18"]
[EventType "swiss"]
[EventRounds "9"]
[EventCountry "AND"]
[Source "lmi"]
[SourceDate "2009.07.18"]

1. e4 c5 2. Nf3 d6 3. d4 cxd4 4. Nxd4 Nf6 5. Nc3 a6 6. Bg5 e6 7. f4 Qb6 8. Qd2
Nc6 9. Bxf6 gxf6 10. Nb3 Bd7 11. O-O-O O-O-O 12. Be2 h5 13. Rhf1 h4 14. Kb1 Kb8
15. Rf3 Rc8 16. a3 Be8 17. Qe1 Ne7 18. f5 Rh6 19. Qf1 a5 20. Ka1 e5 21. Qf2
Qxf2 22. Rxf2 a4 23. Na5 Nc6 24. Nxc6+ Bxc6 25. Bb5 Bxb5 26. Nxb5 Rc4 27. Re2
h3 28. g3 Rc6 29. Kb1 Be7 30. c3 Rh8 31. Rd5 Rhc8 32. Kc2 Rc5 33. Red2 Rc4 34.
Nxd6 Bxd6 35. Rxd6 Rxe4 36. Rxf6 Rc7 37. Rd8+ Ka7 38. Kd2 Rg4 39. Ke3 Re7 40.
Rfd6 Rg5 41. f6 Rc7 42. Rh8 Rf5 43. Rxh3 Rf1 44. Rh4 b5 45. Rb4 Rb7 46. Rd5 Ka6
47. c4 1-0

[Event "27. Open Internacional de Andorra"]
[Site "Andorra"]
[Date "2009.07.26"]
[Round "9.1"]
[White "Marin, Mihail"]
[Black "Edouard, Romain"]
[Result "1/2-1/2"]
[WhiteElo "2583"]
[BlackElo "2597"]
[PlyCount "23"]
[EventDate "2009.07.18"]
[EventType "swiss"]
[EventRounds "9"]
[EventCountry "AND"]
[Source "lmi"]
[SourceDate "2009.07.18"]

1. c4 c5 2. g3 Nc6 3. Bg2 g6 4. Nc3 Bg7 5. Nf3 d6 6. O-O e5 7. a3 Nge7 8. b4
O-O 9. Rb1 f5 10. Ne1 Rb8 11. d3 h6 12. e3 1/2-1/2

[Event "27. Open Internacional de Andorra"]
[Site "Andorra"]
[Date "2009.07.26"]
[Round "9.3"]
[White "Vehi Bach, Victor Manuel"]
[Black "Peralta, Fernando"]
[Result "1/2-1/2"]
[WhiteElo "2387"]
[BlackElo "2574"]
[PlyCount "98"]
[EventDate "2009.07.18"]
[EventType "swiss"]
[EventRounds "9"]
[EventCountry "AND"]
[Source "lmi"]
[SourceDate "2009.07.18"]

1. e4 d6 2. d4 Nf6 3. Nc3 g6 4. Be3 a6 5. f3 b5 6. Qd2 Nbd7 7. g4 Nb6 8. g5 Nh5
9. Bd3 Bg7 10. Nge2 e5 11. dxe5 dxe5 12. Ng3 Nf4 13. h4 b4 14. Nd1 Qe7 15. Qf2
Qd6 16. Bf1 Qc6 17. Ne2 Nh5 18. Ng3 Nf4 19. Ne2 Ne6 20. Nc1 a5 21. h5 Nf4 22.
h6 Bf8 23. Nd3 Bd6 24. Bxf4 exf4 25. Qd4 Rf8 26. e5 Be7 27. Qxf4 Nd5 28. Qd2
Bf5 29. Bh3 O-O-O 30. N1f2 Qc4 31. Ne4 Kb8 32. Bxf5 gxf5 33. Ng3 Rg8 34. f4
Bxg5 35. fxg5 f4 36. Ne2 Ne3 37. Rc1 Qe4 38. Rg1 f3 39. Ng3 Ng2+ 40. Kf1 Ne3+
41. Ke1 Ng2+ 42. Kf2 Qd4+ 43. Kxf3 Nh4+ 44. Ke2 Qg4+ 45. Kf2 Qf3+ 46. Ke1 Qc6
47. Kf2 Qf3+ 48. Ke1 Qc6 49. Kf2 Qf3+ 1/2-1/2

[Event "27. Open Internacional de Andorra"]
[Site "Andorra"]
[Date "2009.07.26"]
[Round "9.4"]
[White "Damljanovic, Branko"]
[Black "Vila Gazquez, Javier"]
[Result "1-0"]
[WhiteElo "2551"]
[BlackElo "2457"]
[PlyCount "99"]
[EventDate "2009.07.18"]
[EventType "swiss"]
[EventRounds "9"]
[EventCountry "AND"]
[Source "lmi"]
[SourceDate "2009.07.18"]

1. c4 e5 2. g3 Nc6 3. Nc3 Bc5 4. Bg2 a6 5. e3 d6 6. Nge2 Nge7 7. a3 Ba7 8. b4
Be6 9. Nd5 Qd7 10. Bb2 Nd8 11. d4 Ng6 12. h4 h5 13. e4 f5 14. exf5 Bxf5 15. Ne3
O-O 16. c5 Nc6 17. d5 Nce7 18. Rc1 Nh8 19. Nxf5 Qxf5 20. O-O Nf7 21. Nc3 dxc5
22. Ne4 Rad8 23. Nxc5 Nh6 24. Qb3 Rf7 25. Rce1 Ng4 26. f3 Nf6 27. Rxe5 Qg6 28.
Rg5 Qh6 29. f4 c6 30. dxc6 bxc6 31. Re1 Ned5 32. Re6 Qh7 33. f5 Kf8 34. Rxc6
Re7 35. Kh2 Bxc5 36. Rxc5 Ne3 37. Bxf6 gxf6 38. Rg6 Ng4+ 39. Rxg4 hxg4 40. Qc4
Qh5 41. Qxa6 Kg7 42. Qc4 Rd2 43. Rc7 Rxc7 44. Qxc7+ Qf7 45. Qc6 Qb3 46. Qe4 Qf3
47. Qe7+ Kg8 48. Qe8+ Kg7 49. Qg6+ Kf8 50. Qh6+ 1-0

[Event "27. Open Internacional de Andorra"]
[Site "Andorra"]
[Date "2009.07.26"]
[Round "9.6"]
[White "Arizmendi Martinez, Julen Luis"]
[Black "Rodriguez Lopez, Rafael"]
[Result "1/2-1/2"]
[WhiteElo "2528"]
[BlackElo "2304"]
[PlyCount "86"]
[EventDate "2009.07.18"]
[EventType "swiss"]
[EventRounds "9"]
[EventCountry "AND"]
[Source "lmi"]
[SourceDate "2009.07.18"]

1. Nf3 d5 2. d4 Nf6 3. c4 c6 4. Nc3 dxc4 5. a4 e6 6. e3 c5 7. Bxc4 cxd4 8. Nxd4
a6 9. Qe2 Bd6 10. O-O Qc7 11. h3 O-O 12. e4 Rd8 13. Rd1 Bd7 14. Nf3 Bc5 15. e5
Ne8 16. Bf4 Bc6 17. Nd4 Qa5 18. Nc2 Rxd1+ 19. Rxd1 Qb6 20. b3 Nd7 21. Bg3 Nf8
22. Ne4 Bxe4 23. Qxe4 Rd8 24. Rd3 Ng6 25. b4 Rxd3 26. Bxd3 Be7 27. h4 Nc7 28.
h5 Nf8 29. a5 Qa7 30. Qc4 Qb8 31. Be4 Nb5 32. Kh2 b6 33. axb6 Qxb6 34. Qc6 Qxc6
35. Bxc6 Nc3 36. f4 Nd5 37. Bb7 Nxb4 38. Nxb4 Bxb4 39. Bxa6 Nd7 40. Bb5 Nb6 41.
Bf2 Nd5 42. g3 g6 43. hxg6 hxg6 1/2-1/2

[Event "27. Open Internacional de Andorra"]
[Site "Andorra"]
[Date "2009.07.26"]
[Round "9.7"]
[White "Spraggett, Kevin"]
[Black "Van Kampen, Robin Oscar"]
[Result "1-0"]
[WhiteElo "2606"]
[BlackElo "2383"]
[PlyCount "99"]
[EventDate "2009.07.18"]
[EventType "swiss"]
[EventRounds "9"]
[EventCountry "AND"]
[Source "lmi"]
[SourceDate "2009.07.18"]

1. g3 d5 2. Bg2 e5 3. d3 Nc6 4. Nf3 Nf6 5. O-O Be7 6. c3 a5 7. Qc2 O-O 8. Nbd2
Be6 9. b3 Nd7 10. Bb2 f6 11. a3 Qe8 12. c4 Qf7 13. e3 Rfd8 14. Rfe1 Nb6 15. Bf1
Bf8 16. Rac1 Kh8 17. Be2 Rd7 18. cxd5 Nxd5 19. Ne4 Rad8 20. Nfd2 Qg6 21. Qb1
Bg4 22. Bf1 Qh5 23. h4 Nb6 24. Nc5 Bxc5 25. Rxc5 Bf5 26. Ne4 Bxe4 27. dxe4 Rd2
28. Rc2 Rd1 29. Rc1 R1d2 30. Bg2 Qf7 31. Bc3 R2d6 32. Bf1 Nd7 33. b4 axb4 34.
axb4 Nb6 35. b5 Na7 36. Bb4 R6d7 37. Qc2 Qe8 38. Qb3 Nac8 39. Bc5 Re7 40. Rc2
Na8 41. Rec1 Nd6 42. Bd3 Rc8 43. Qa3 Rd7 44. Kg2 Qd8 45. Be2 Rf7 46. Qb3 Qd7
47. b6 Nxe4 48. bxc7 Nd6 49. Rd1 Re7 50. Bb4 1-0

[Event "27. Open Internacional de Andorra"]
[Site "Andorra"]
[Date "2009.07.26"]
[Round "9.8"]
[White "Balogh, Csaba"]
[Black "Delorme, Axel"]
[Result "1-0"]
[WhiteElo "2595"]
[BlackElo "2434"]
[PlyCount "135"]
[EventDate "2009.07.18"]
[EventType "swiss"]
[EventRounds "9"]
[EventCountry "AND"]
[Source "lmi"]
[SourceDate "2009.07.18"]

1. e4 e5 2. Nf3 Nc6 3. Bb5 Nf6 4. O-O Nxe4 5. d4 Nd6 6. Bxc6 dxc6 7. dxe5 Nf5
8. Qxd8+ Kxd8 9. Nc3 Ke8 10. h3 h5 11. Rd1 Be7 12. Ne4 Nh4 13. Nxh4 Bxh4 14.
Ng5 Bf5 15. c4 Rf8 16. Rd4 Bxg5 17. Bxg5 f6 18. exf6 gxf6 19. Re1+ Kf7 20. Rf4
Kg6 21. Bh4 Rad8 22. Re3 Rd3 23. Rxd3 Bxd3 24. c5 Bf5 25. Ra4 a6 26. Rb4 Bc8
27. Bg3 Rf7 28. Re4 b6 29. Re8 Bf5 30. cxb6 cxb6 31. Rb8 b5 32. Rb6 a5 33. Rxc6
Re7 34. Bc7 Re1+ 35. Kh2 Re2 36. Bd8 Be6 37. f3 Kf7 38. Rc7+ Kg6 39. Rc6 Kf7
40. Bxa5 Rxb2 41. a3 Ra2 42. Bb4 Bd5 43. Rc3 Bc4 44. h4 Kg6 45. Re3 Re2 46. Rc3
Ra2 47. Rc1 Bd5 48. Kg3 Bc4 49. Rd1 Re2 50. Rd6 Re6 51. Rd8 Re2 52. Rd6 Re6 53.
Rd7 Re2 54. Bf8 Bf7 55. Rb7 Re8 56. Be7 Bc4 57. Kf4 Kf7 58. Bb4+ Kg6 59. Rc7
Bd3 60. Bc3 Re6 61. Rc8 Kh6 62. Rd8 Bc2 63. Rd5 Rc6 64. Bd4 Bd3 65. g4 hxg4 66.
fxg4 Kg6 67. Rd7 Re6 68. h5+ 1-0

[Event "27. Open Internacional de Andorra"]
[Site "Andorra"]
[Date "2009.07.26"]
[Round "9.9"]
[White "Movsziszian, Karen"]
[Black "Bok, Benjamin"]
[Result "1/2-1/2"]
[WhiteElo "2570"]
[BlackElo "2360"]
[PlyCount "92"]
[EventDate "2009.07.18"]
[EventType "swiss"]
[EventRounds "9"]
[EventCountry "AND"]
[Source "lmi"]
[SourceDate "2009.07.18"]

1. g3 Nf6 2. Bg2 g6 3. e4 d6 4. d4 Bg7 5. Nc3 O-O 6. Nge2 e5 7. h3 exd4 8. Nxd4
Bd7 9. O-O Nc6 10. Nce2 Re8 11. g4 h6 12. Ng3 a6 13. a4 Ne5 14. f4 Nc4 15. Qd3
b5 16. axb5 axb5 17. Rxa8 Qxa8 18. b3 Qa7 19. Kh1 b4 20. Nde2 Na3 21. Be3 Qb8
22. Rf2 Bb5 23. Qd2 Bc6 24. e5 Bxg2+ 25. Kxg2 Qa8+ 26. Kg1 Nd5 27. Bd4 Nb5 28.
Bb2 Nbc3 29. Nxc3 bxc3 30. Bxc3 Nxc3 31. Qxc3 dxe5 32. f5 e4 33. Qc4 e3 34. Rf1
g5 35. f6 Bf8 36. Qe2 Qc6 37. Rf3 Bc5 38. Kg2 Qd5 39. Nf5 Kh7 40. h4 Qe4 41.
hxg5 Qxg4+ 42. Ng3 Kh8 43. Qb5 Rd8 44. Qxc5 Rd2+ 45. Kg1 Rd1+ 46. Kg2 Rd2+
1/2-1/2

[Event "27. Open Internacional de Andorra"]
[Site "Andorra"]
[Date "2009.07.26"]
[Round "9.10"]
[White "Shytaj, Luca"]
[Black "Midoux, Sebastien"]
[Result "1-0"]
[WhiteElo "2455"]
[BlackElo "2331"]
[PlyCount "115"]
[EventDate "2009.07.18"]
[EventType "swiss"]
[EventRounds "9"]
[EventCountry "AND"]
[Source "lmi"]
[SourceDate "2009.07.18"]

1. e4 c5 2. Nf3 Nc6 3. d4 cxd4 4. Nxd4 Nf6 5. Nc3 d6 6. Bg5 e6 7. Qd2 Be7 8.
O-O-O O-O 9. f3 Nxd4 10. Qxd4 Qa5 11. h4 a6 12. Kb1 Rd8 13. Qd2 Qc7 14. g4 b5
15. Bd3 b4 16. Ne2 Rb8 17. h5 a5 18. Bxf6 Bxf6 19. g5 Be7 20. g6 Bf6 21. gxf7+
Qxf7 22. f4 Qc7 23. Qe3 Qb6 24. Qg3 b3 25. cxb3 Ba6 26. Bxa6 Qxa6 27. Nc1 h6
28. Qd3 Qb7 29. Rh2 Kh8 30. Rc2 a4 31. Qc4 axb3 32. Nxb3 Rdc8 33. Qxe6 Re8 34.
Qd5 Rxe4 35. Rc8+ Qxc8 36. Qxe4 Qg4 37. Rd2 d5 38. Qc2 Rc8 39. Nc5 Qxf4 40. Rd1
Qe5 41. Nd7 Rxc2 42. Nxe5 Re2 43. Nd3 Rh2 44. a4 Rxh5 45. b4 Bc3 46. a5 Rh2 47.
a6 Re2 48. Rc1 Bd4 49. Rc5 Bxc5 50. Nxc5 h5 51. a7 Re8 52. b5 h4 53. b6 h3 54.
Nd3 Rf8 55. Nf2 Rxf2 56. a8=Q+ Kh7 57. Qxd5 h2 58. Qh1 1-0

[Event "27. Open Internacional de Andorra"]
[Site "Andorra"]
[Date "2009.07.26"]
[Round "9.11"]
[White "Dvirnyy, Daniyl"]
[Black "Quidiello Prado, Manuel Rogelio"]
[Result "1-0"]
[WhiteElo "2440"]
[BlackElo "2209"]
[PlyCount "61"]
[EventDate "2009.07.18"]
[EventType "swiss"]
[EventRounds "9"]
[EventCountry "AND"]
[Source "lmi"]
[SourceDate "2009.07.18"]

1. e4 e5 2. Bc4 Nf6 3. d3 Nc6 4. c3 a6 5. Bb3 Bc5 6. Nf3 d6 7. O-O h6 8. Nbd2
Be6 9. Nc4 Ba7 10. Re1 Ne7 11. d4 Nxe4 12. Rxe4 d5 13. Rxe5 dxc4 14. Bc2 Qd7
15. Qe2 c6 16. Re3 Bb8 17. Ne5 Bxe5 18. Rxe5 b5 19. Bd2 Nd5 20. f4 Ne7 21. f5
Bd5 22. Re1 Ra7 23. Qg4 Kf8 24. Rxe7 Qxe7 25. Rxe7 Rxe7 26. f6 gxf6 27. Bf4 h5
28. Qh3 Re6 29. Bf5 Re2 30. Bd6+ Ke8 31. Be4 1-0

[Event "27. Open Internacional de Andorra"]
[Site "Andorra"]
[Date "2009.07.26"]
[Round "9.12"]
[White "Vega Gutierrez, Sabrina Neide"]
[Black "Zilberman, Yaacov"]
[Result "1-0"]
[WhiteElo "2352"]
[BlackElo "2439"]
[PlyCount "95"]
[EventDate "2009.07.18"]
[EventType "swiss"]
[EventRounds "9"]
[EventCountry "AND"]
[Source "lmi"]
[SourceDate "2009.07.18"]

1. e4 e5 2. Nf3 Nc6 3. Bb5 a6 4. Ba4 Nf6 5. O-O Be7 6. d3 d6 7. c3 O-O 8. Re1
h6 9. Nbd2 Bd7 10. h3 Re8 11. Nf1 Bf8 12. Ng3 b5 13. Bc2 g6 14. d4 Bg7 15. Be3
Rb8 16. Qd2 Kh7 17. Rad1 a5 18. d5 Ne7 19. b3 Nc8 20. c4 c6 21. c5 cxd5 22.
exd5 dxc5 23. Bxc5 Ng8 24. Ne4 f6 25. g4 Rb7 26. Ng3 Rc7 27. b4 axb4 28. Qxb4
Bf8 29. d6 Bxd6 30. Bxg6+ Kxg6 31. Qe4+ Kg7 32. Nh5+ Kh8 33. Bxd6 Nxd6 34. Rxd6
Qe7 35. Red1 Qf7 36. Nh4 f5 37. Qf3 Be6 38. gxf5 Bxa2 39. Qe2 Bc4 40. Qg4 Bb3
41. Re1 Bc2 42. Ng6+ Kh7 43. Ng3 Rc4 44. Qf3 e4 45. Qe3 b4 46. Ra1 Rc7 47. Nh5
Qc4 48. Ra7 1-0

[Event "27. Open Internacional de Andorra"]
[Site "Andorra"]
[Date "2009.07.26"]
[Round "9.13"]
[White "Khosla, Shiven"]
[Black "Narciso Dublan, Marc"]
[Result "0-1"]
[WhiteElo "2235"]
[BlackElo "2553"]
[PlyCount "104"]
[EventDate "2009.07.18"]
[EventType "swiss"]
[EventRounds "9"]
[EventCountry "AND"]
[Source "lmi"]
[SourceDate "2009.07.18"]

1. e4 Nf6 2. e5 Nd5 3. d4 d6 4. Nf3 dxe5 5. Nxe5 c6 6. Be2 Bf5 7. O-O Nd7 8.
Bd3 Bxd3 9. Nxd3 e6 10. c4 N5f6 11. Re1 Be7 12. b3 O-O 13. Bb2 c5 14. Nd2 cxd4
15. Nf3 Nc5 16. Bxd4 Nxd3 17. Qxd3 Bc5 18. Rad1 Bxd4 19. Nxd4 Qa5 20. Qe3 Rfd8
21. a4 Qb6 22. h3 Rd7 23. Rd3 Rad8 24. Red1 h6 25. Qe5 Qd6 26. Qa5 b6 27. Qc3
Qe5 28. Qd2 Qc5 29. Qc3 e5 30. Nb5 Ne4 31. Qc2 Rxd3 32. Rxd3 Rxd3 33. Qxd3
Qxf2+ 34. Kh2 Nd2 35. Nd6 h5 36. Ne4 Qf4+ 37. g3 Nf3+ 38. Kg2 Ne1+ 39. Kg1 Nxd3
40. gxf4 exf4 41. Nd6 Nc5 42. b4 Nxa4 43. Nc8 a6 44. Ne7+ Kf8 45. Nd5 a5 46. b5
Ke8 47. Nxf4 Kd7 48. Nxh5 g6 49. Nf4 Kd6 50. Nd3 Nc5 51. Nc1 Ke5 52. Ne2 a4 0-1

[Event "27. Open Internacional de Andorra"]
[Site "Andorra"]
[Date "2009.07.26"]
[Round "9.14"]
[White "Sanchez Jerez, Emilio"]
[Black "Brunello, Sabino"]
[Result "1/2-1/2"]
[WhiteElo "2212"]
[BlackElo "2547"]
[PlyCount "111"]
[EventDate "2009.07.18"]
[EventType "swiss"]
[EventRounds "9"]
[EventCountry "AND"]
[Source "lmi"]
[SourceDate "2009.07.18"]

1. e4 c5 2. Nc3 d6 3. Nge2 Nc6 4. d4 cxd4 5. Nxd4 Nf6 6. g3 e6 7. Bg2 Qc7 8.
O-O a6 9. Be3 Be7 10. f4 Na5 11. Kh1 Nd7 12. f5 Nf6 13. fxe6 fxe6 14. Bh3 Qc4
15. Qd2 Bd7 16. b3 Qc8 17. Na4 Bd8 18. Bf4 b5 19. Bxd6 Nb7 20. e5 Nxd6 21. exf6
Bxf6 22. Nxe6 Ne4 23. Nxg7+ Kf7 24. Qd5+ Kxg7 25. Bxd7 Qxc2 26. Rac1 Nf2+ 27.
Kg1 Qd3 28. Qxd3 Nxd3 29. Rc7 Be5 30. Rb7 Rhb8 31. Rxb8 Rxb8 32. Rd1 bxa4 33.
Rxd3 axb3 34. axb3 Rd8 35. Kg2 h6 36. h4 Bf6 37. Kh3 Kf7 38. Kg4 Ke7 39. Kf5
Bg7 40. Kg6 Bf8 41. Bf5 Rxd3 42. Bxd3 a5 43. Bb5 Ke6 44. Bc4+ Ke5 45. h5 Bb4
46. Kxh6 Kf6 47. Kh7 Bd2 48. Bd3 Bc1 49. Kg8 Bd2 50. Kf8 Bc1 51. Ke8 Bd2 52.
Kd7 Kg5 53. Ke6 Be1 54. g4 Bd2 55. Kf7 Kh6 56. Kf6 1/2-1/2

[Event "27. Open Internacional de Andorra"]
[Site "Andorra"]
[Date "2009.07.26"]
[Round "9.15"]
[White "Schneider, Veronika"]
[Black "Vernay, Clovis"]
[Result "1/2-1/2"]
[WhiteElo "2301"]
[BlackElo "2463"]
[PlyCount "31"]
[EventDate "2009.07.18"]
[EventType "swiss"]
[EventRounds "9"]
[EventCountry "AND"]
[Source "lmi"]
[SourceDate "2009.07.18"]

1. e4 e6 2. d4 d5 3. Nd2 dxe4 4. Nxe4 Nd7 5. Bd3 Ngf6 6. Qe2 Nxe4 7. Bxe4 c5 8.
Nf3 cxd4 9. O-O Be7 10. Rd1 e5 11. Bf5 O-O 12. Bxd7 Bxd7 13. Nxe5 Bf6 14. Nxd7
Qxd7 15. Qd3 Qc6 16. Bf4 1/2-1/2

[Event "27. Open Internacional de Andorra"]
[Site "Andorra"]
[Date "2009.07.26"]
[Round "9.16"]
[White "Siebrecht, Sebastian"]
[Black "Wiley, Tom E"]
[Result "1/2-1/2"]
[WhiteElo "2458"]
[BlackElo "2287"]
[PlyCount "118"]
[EventDate "2009.07.18"]
[EventType "swiss"]
[EventRounds "9"]
[EventCountry "AND"]
[Source "lmi"]
[SourceDate "2009.07.18"]

1. c4 c5 2. Nc3 Nc6 3. Nf3 e5 4. e3 Nf6 5. d4 cxd4 6. exd4 e4 7. Ne5 Bb4 8. a3
Bxc3+ 9. bxc3 Qa5 10. Nxc6 dxc6 11. Bd2 Bg4 12. Qb3 b6 13. Qb4 Qh5 14. Qd6 Bd7
15. Be2 Qg6 16. O-O Rc8 17. Rfe1 Kd8 18. c5 Nd5 19. c4 Qxd6 20. cxd6 Nf6 21. c5
h6 22. Rab1 Be6 23. cxb6 axb6 24. Rxb6 Kd7 25. Bf4 Rb8 26. Reb1 Rxb6 27. Rxb6
Ra8 28. Rb7+ Kd8 29. f3 Rxa3 30. fxe4 Nxe4 31. h3 g5 32. Be5 f6 33. Bf3 fxe5
34. Bxe4 exd4 35. Bxc6 Ra6 36. Rc7 Bf5 37. g4 Be6 38. Kf2 Rb6 39. Ke1 Bc4 40.
Kd2 Ra6 41. Bb7 Ra2+ 42. Kc1 Be2 43. Bd5 Ra6 44. Bc6 d3 45. Kd2 Bf1 46. Ke3 Be2
47. Kf2 Rb6 48. Ke3 Ra6 49. Rd7+ Kc8 50. Bb5 Rb6 51. Ba4 Ra6 52. Rc7+ Kd8 53.
Bc6 Bf1 54. Rd7+ Kc8 55. Rc7+ Kd8 56. Kd2 Be2 57. Ke1 Ra1+ 58. Kd2 Ra6 59. Ke3
Bf1 1/2-1/2

[Event "27. Open Internacional de Andorra"]
[Site "Andorra"]
[Date "2009.07.26"]
[Round "9.17"]
[White "Panelo, Marcelo"]
[Black "Raznikov, Danny"]
[Result "0-1"]
[WhiteElo "2425"]
[BlackElo "2270"]
[PlyCount "80"]
[EventDate "2009.07.18"]
[EventType "swiss"]
[EventRounds "9"]
[EventCountry "AND"]
[Source "lmi"]
[SourceDate "2009.07.18"]

1. d4 d5 2. c4 c6 3. Nf3 Nf6 4. Nc3 a6 5. a4 e6 6. Bg5 a5 7. e3 Be7 8. Be2 b6
9. cxd5 exd5 10. O-O O-O 11. Ne5 Bb7 12. Qb3 Nfd7 13. Nxd7 Nxd7 14. Bf4 Bg5 15.
Bg3 Re8 16. Rfe1 Qe7 17. Bd3 Qb4 18. Qc2 g6 19. h4 Bf6 20. h5 Bg7 21. Rad1 Re6
22. Be2 Rae8 23. Bg4 f5 24. Bf3 Qe7 25. Ne2 Qf6 26. Nf4 R6e7 27. hxg6 hxg6 28.
Nd3 g5 29. Be5 Qh6 30. Bxg7 Kxg7 31. g3 Nf6 32. Ne5 Ne4 33. Kg2 g4 34. Bxg4
fxg4 35. Rh1 Qf6 36. Nxg4 Qf5 37. Nh6 Qg6 38. Rh4 Bc8 39. Rdh1 Rf8 40. Rf1 Ba6
0-1

[Event "27. Open Internacional de Andorra"]
[Site "Andorra"]
[Date "2009.07.26"]
[Round "9.18"]
[White "Pijpers, Arthur"]
[Black "Berkovich, Mark A"]
[Result "0-1"]
[WhiteElo "2192"]
[BlackElo "2419"]
[PlyCount "124"]
[EventDate "2009.07.18"]
[EventType "swiss"]
[EventRounds "9"]
[EventCountry "AND"]
[Source "lmi"]
[SourceDate "2009.07.18"]

1. e4 c5 2. Nf3 Nc6 3. d4 cxd4 4. Nxd4 g6 5. Nc3 Bg7 6. Be3 Nf6 7. Bc4 O-O 8.
Bb3 d6 9. f3 Na5 10. Qd2 Nxb3 11. Nxb3 Be6 12. Bh6 Bxh6 13. Qxh6 Bxb3 14. axb3
Qc7 15. O-O-O Rac8 16. h4 Qa5 17. h5 g5 18. Kb1 Qe5 19. g3 Kh8 20. f4 Qe6 21.
fxg5 Ng4 22. Qxe6 fxe6 23. Rhf1 Ne5 24. Rf4 Rg8 25. g6 hxg6 26. hxg6 Rxg6 27.
Nb5 Kg7 28. Nxa7 Rh8 29. Nb5 Rxg3 30. Nd4 Rh6 31. Rdf1 Rhg6 32. Ka2 R3g4 33. b4
Rxf4 34. Rxf4 Nd7 35. Kb3 Rf6 36. Rg4+ Kf7 37. c3 Rf2 38. Rh4 Nf6 39. Rh8 Nxe4
40. Rh7+ Ke8 41. Nxe6 Kd7 42. Nd4 Nd2+ 43. Ka4 Ne4 44. Kb3 d5 45. Rh5 Nf6 46.
Re5 Kd6 47. Re6+ Kd7 48. Rb6 e5 49. Ne6 e4 50. Nc5+ Ke8 51. Rxb7 e3 52. Rb8+
Ke7 53. Rb7+ Kd8 54. Rb8+ Kc7 55. Rb7+ Kc6 56. Re7 e2 57. Re6+ Kc7 58. b5 Ne4
59. b6+ Kd8 60. Nd3 e1=Q 61. b7 Qd1+ 62. Kb4 Kc7 0-1

[Event "27. Open Internacional de Andorra"]
[Site "Andorra"]
[Date "2009.07.26"]
[Round "9.19"]
[White "Karavade, Eesha"]
[Black "Ben Artzi, Ido"]
[Result "1-0"]
[WhiteElo "2386"]
[BlackElo "2076"]
[PlyCount "105"]
[EventDate "2009.07.18"]
[EventType "swiss"]
[EventRounds "9"]
[EventCountry "AND"]
[Source "lmi"]
[SourceDate "2009.07.18"]

1. d4 d6 2. Nf3 g6 3. c4 Bg7 4. Nc3 Bg4 5. h3 Bxf3 6. exf3 e5 7. dxe5 Bxe5 8.
Bd3 Nc6 9. O-O Nge7 10. Nd5 Qd7 11. Bg5 O-O-O 12. Re1 Rde8 13. Bf6 Nxd5 14.
Bxh8 Nf4 15. Bxe5 dxe5 16. Bf1 Nd4 17. Kh2 Qf5 18. Qa4 Re6 19. Rad1 a6 20. Re3
Qg5 21. g3 Nh5 22. Bg2 c6 23. h4 Qe7 24. Qa5 f5 25. f4 exf4 26. Rxe6 fxg3+ 27.
fxg3 Nxe6 28. Qe5 Nf6 29. Bf3 Nd7 30. Qd6 Qf7 31. Re1 Nec5 32. Re7 Qf8 33. Bxc6
bxc6 34. Qxc6+ Kd8 35. Rxh7 Qf6 36. Qxf6+ Nxf6 37. Rg7 Ng4+ 38. Kh3 Ne5 39. b4
Ncd7 40. b5 axb5 41. cxb5 Ke8 42. h5 gxh5 43. Rg5 Kf7 44. Rxf5+ Kg6 45. Rf4 Nc5
46. b6 Ncd7 47. b7 Nc6 48. a4 Kg5 49. Rc4 Ncb8 50. a5 Na6 51. Rd4 Ndb8 52. Rd5+
Kg6 53. Kh4 1-0

[Event "27. Open Internacional de Andorra"]
[Site "Andorra"]
[Date "2009.07.26"]
[Round "9.20"]
[White "Rubio Mejia, Luis"]
[Black "Monell Camarasa, David"]
[Result "1/2-1/2"]
[WhiteElo "2371"]
[BlackElo "2230"]
[PlyCount "59"]
[EventDate "2009.07.18"]
[EventType "swiss"]
[EventRounds "9"]
[EventCountry "AND"]
[Source "lmi"]
[SourceDate "2009.07.18"]

1. d4 d5 2. c4 c6 3. Nc3 Nf6 4. Nf3 dxc4 5. a4 Bf5 6. Ne5 Nbd7 7. Nxc4 Nb6 8.
Ne5 a5 9. g3 e6 10. Bg2 Bb4 11. O-O O-O 12. e3 Qc7 13. e4 Bg6 14. Qe2 Rad8 15.
Nxg6 hxg6 16. Bf4 Qe7 17. Be3 c5 18. dxc5 Bxc5 19. Bg5 e5 20. Qb5 Ra8 21. Rfe1
Rfc8 22. h4 Qe8 23. Qb3 Bb4 24. Bxf6 gxf6 25. Bh3 Rc5 26. h5 Kg7 27. hxg6 fxg6
28. Red1 Qc6 29. Bf1 Rh8 30. Rab1 1/2-1/2